Wolf man / directed and written by Leigh Whannell ; produced by Jason Blum. (Record no. 20887)

000 -LEADER
fixed length control field 00897nam a22002297a 4500
008 - FIXED-LENGTH DATA ELEMENTS--GENERAL INFORMATION
fixed length control field 250528b xxu||||| |||| 00| 0 eng d
040 ## - CATALOGING SOURCE
Original cataloging agency Cagayan State University
082 ## - DEWEY DECIMAL CLASSIFICATION NUMBER
Classification number 791.4372
Item number W854 2025
245 ## - TITLE STATEMENT
Title Wolf man / directed and written by Leigh Whannell ; produced by Jason Blum.
260 ## - PUBLICATION, DISTRIBUTION, ETC. (IMPRINT)
Place of publication, distribution, etc United States :
Name of publisher, distributor, etc Universal Pictures,
Date of publication, distribution, etc 2025.
300 ## - PHYSICAL DESCRIPTION
Extent 1 videofile, (ca. 103 mins.) :
Other physical details sound, color.
520 ## - SUMMARY, ETC.
Summary, etc A family at a remote farmhouse is attacked by an unseen animal, but as the night stretches on, the father begins to transform into something unrecognizable.
546 ## - LANGUAGE NOTE
Language note In English subtitle.
650 ## - SUBJECT ADDED ENTRY--TOPICAL TERM
Topical term or geographic name as entry element Horror.
700 ## - ADDED ENTRY--PERSONAL NAME
Personal name Abbott, Christopher, star.
700 ## - ADDED ENTRY--PERSONAL NAME
Personal name Garner, Julia, star.
700 ## - ADDED ENTRY--PERSONAL NAME
Personal name Firth, Matilda, star.
700 ## - ADDED ENTRY--PERSONAL NAME
Personal name Jaeger, Sam, star.
700 ## - ADDED ENTRY--PERSONAL NAME
Personal name Duscio, Stefan, cinematographer.
700 ## - ADDED ENTRY--PERSONAL NAME
Personal name Canny, Andy, editor.
942 ## - ADDED ENTRY ELEMENTS (KOHA)
Source of classification or shelving scheme
Item type Audio-Visual Materials
Holdings
Source of acquisition Price effective from Permanent location Date last seen Not for loan Date acquired Source of classification or shelving scheme Koha item type Collection code Shelving location Damaged status Lost status Withdrawn status Current location Full call number
Donation2025-05-28Cagayan State University - Carig Library2025-05-28 2025-05-28 Audio-Visual MaterialsElectronic Media CenterElectronic Media Center   Cagayan State University - Carig Library791.4372 W854 2025

Cagayan State University University Library, Carig Campus
Tuguegarao City, Cagayan 3500 | www.csucarig.edu.ph

Powered by Koha